000 00464nam a2200157 i 4500
001 51035
003 ES-MaACL
005 20230906162300.0
007 t|
008 030808s1972 sp ||||1| spa d
100 1 _aCurutchet, Juan Carlos.
_942255
245 1 0 _aJulio Cortázar o la crítica de la razón pragmática /
_cJuan Carlos Curutchet.
260 _a[Madrid :
_bEd. Nacional,
_c1972]
300 _a149 p. ;
_c23 cm.
852 _aES-MaACL
_jC-44699
_bR.83979
999 _c51035
_d51035